1642 1773 1382 1895 1988 1225 1234 1091 1755 1074 1271 1832 1179 1554 1247 1486 1718 1322 1103 1465 1463 1598 1572 1661 1584 1341 1544 1420 1158 1394 1084 1296 1139 1903 1836 1334 1057 1996 1621 1956 1392 1059 1470 1660 1453 1035 1936 1341 1951 1317 1610 1083 1583 1297 1736 1408 1550 1063 1948 1650 1778 1940 1016 1788 1523 1752 1757 1801 1914 1543 1351 1777 1419 1922 1564 1769 1255 1056 1988 1238 1950 1645 1825 1045 1544 1388 1540 1796 1005 1326 1289 1913 1803 1817 1813 1301 1044 1469 1391 BCNSPRNW ULIB Ver.6.0+V

เปลี่ยนเป็นภาษาไทย

Change to English
 แสดงรายละเอียดบรรณานุกรม
  กลับหน้าหลัก

Brief Record : Get Marc (ISO 2709) : E-mail record : QR code < ปิดหน้าต่าง
LEADER : 00000nam 2200000uu 4500
001    13399111055
003     ULIB
008    110615s||||||||th 000 0 tha d
020    9744894466
020    9789744894465
050  4 BF441^bก768บ 2549
100 0  เกรียงศักดิ์ เจริญวงศ์ศักดิ์
245 10 การคิดเชิงบูรณาการ =^bIntegrative thinking /^cเกรียงศักดิ์ เจริญวงศ์ศักดิ์
246 31 Integrative thinking
250    พิมพ์ครั้งที่ 6
260    กรุงเทพฯ :^bซัคเซส มีเดีย,^c2549
300    xxi, 179 หน้า :^bภาพประกอบ ;^c23 ซม
440  0 หนังสือชุด "ผู้ชนะ 10 คิด"
650  7 ความคิดและการคิด
650  7 การแก้ปัญหา
650  7 ความคิด
945    ^p150^l0^i021515
945    ^p150^l0^i021514
995    ทศพร
999 ^a ใช้งานได้ทุกระบบ
รายการนี้ยังไม่มีแท็ก
คุณยังไม่ได้ล็อกอิน คุณสามารถมีกิจกรรมร่วมกับเว็บไซต์ได้ แต่ต้องล็อกอินก่อน ::
  ล็อกอิน

รายการสื่อสารสนเทศ

ลำดับที่ ประเภท เลขเรียก/บาร์โค้ด สถานที่ สถานะ
- ไม่พบข้อมูล -

รายการใกล้เคียง
    ผู้แต่ง [เกรียงศักดิ์ เจริญวงศ์ศักดิ์]

    หัวเรื่อง [ความคิดและการคิด]
    หัวเรื่อง [การแก้ปัญหา]
    หัวเรื่อง [ความคิด]

BibComment


ยังไม่เคยถูกคอมเมนท์

คอมเมนท์ทรัพยากรรายการนี้
  คอมเมนท์: การคิดเชิงบูรณากา..


 Copyright 2026. Bcnsprnw @Library